000 00414nam a2200181Ia 4500
001 2065
005 20260306143815.0
008 260306t2000||||xx |||||||||||||| ||spa||
041 _aESP
082 _a612
_bC97B
100 _aJefferies, Angus,
_eAUT
245 0 _aAparato respiratorio
260 _c2000
300 _ax, 242 páginas :
_c24 cm.
650 _aGEN
654 _aCPS
942 _cLIB
_dJUS
_fJUS
_2ddc
_n
999 _c2065
_d2065